00315pab a2200121 454500008004000000100002300040245006100063260000900124300001200133362001200145650002000157773001600177180718b2006 xxu||||| |||| 00| 0 eng d aSrivastava, Anupam aUS-India nuclear negotiations: how equal and reciprocal? c2006 ap.4-12. aJan-Mar aNuclear weapons aUSI Journal